Statistics for Teletubbies

Click here to take the quiz!

General Stats

  • This quiz has been taken 133 times
  • The average score is 6 of 13

Answer Stats

HintAnswer% Correct
RedPo
99%
YellowLaa-Laa
98%
GreenDipsy
93%
Blue/PurpleTinky Winky
90%
Vaccuum CleanerNoo-Noo
69%
Navy BlueBaa
28%
PinkPing
24%
YellowUmby Pumby
23%
GreenDaa-Daa
21%
PurpleNin
21%
Sky BlueMimi
20%
RedDuggle Dee
19%
OrangeRuRu
19%

Score Distribution

Percentile by Number Answered

Percent of People with Each Score

Your Score History

You have not taken this quiz